000 00226nam a2200097Ia 4500
005 20251222114344.0
008 251222s1900||||xx |||||||||||||| ||spa||
082 _aDVD0060/K46/1994
245 0 _aCon honores:Whit Honors
942 _cDVD
999 _c965
_d965